[Event "Alcorcon Spring op-B 1st"]
[Site "Alcorcon"]
[Date "2019.04.07"]
[Round "3"]
[White "Gonzalez Reyes, Felix"]
[Black "Arias Martinez, Sergio"]
[Result "1-0"]
[WhiteElo "1456"]
[BlackElo "1184"]
[PlyCount "111"]
[EventDate "2019.03.24"]
[EventType "swiss"]
[EventRounds "9"]
[EventCountry "ESP"]
[SourceTitle "EXT 2020"]
[Source "ChessBase"]
[SourceDate "2019.10.17"]
[SourceVersion "1"]
[SourceVersionDate "2019.10.17"]
[SourceQuality "1"]

1. c4 e5 2. Nc3 Nf6 3. g3 Bc5 4. Bg2 0-0 5. e3 Nc6 6. a3 a5 7. Nge2 Re8 8. Ne4 Nxe4 9. Bxe4 d6 10. Qc2 g6 11. Bg2 f5 12. b3 Be6 13. Nc3 e4 14. Bb2 Ne5 15. 0-0 Qd7 16. f3 exf3 17. Bxf3 Nxf3+ 18. Rxf3 d5 19. Nxd5 Bxd5 20. cxd5 Qxd5 21. Qc3 Re7 22. Qh8+ Kf7 23. Qxh7+ Kf8 24. Qh6+ Kf7 25. Qg7+ Ke6 26. Qxg6+ Kd7 27. Qxf5+ Qe6 28. Qxc5 Ra6 29. Rf5 Qxb3 30. Qd5+ Qxd5 31. Rxd5+ Kc8 32. Rf1 c6 33. Rdf5 Rb6 34. Rf8+ Kd7 35. Bd4 Rb3 36. Kg2 Rxa3 37. Bc5 Rd3 38. Bxe7 Kxe7 39. R8f7+ Kd6 40. R1f6+ Kc5 41. Rf5+ Kb6 42. Rf2 a4 43. R7f4 Kb5 44. Rd4 Rb3 45. Rf1 c5 46. Rd7 b6 47. h4 a3 48. Ra7 Rd3 49. Rd1 Kb4 50. Rb1+ Kc4 51. Ra4+ Kd5 52. Rxb6 Rxd2+ 53. Kf3 a2 54. Rba6 c4 55. Rxa2 Rd3 56. R2a5# 1-0

[Event "Madrid San Viator op-B 30th"]
[Site "Madrid"]
[Date "2018.06.03"]
[Round "8"]
[White "Gonzalez Reyes, Felix"]
[Black "Campos Calderon, David"]
[Result "0-1"]
[WhiteElo "1476"]
[BlackElo "1353"]
[PlyCount "70"]
[EventDate "2018.04.08"]
[EventType "swiss"]
[EventRounds "9"]
[EventCountry "ESP"]
[SourceTitle "EXT 2019"]
[Source "ChessBase"]
[SourceDate "2018.10.10"]
[SourceVersion "1"]
[SourceVersionDate "2018.10.10"]
[SourceQuality "1"]

1. Nf3 d5 2. d4 Nf6 3. g3 Bf5 4. Bg2 e6 5. Nc3 Be7 6. 0-0 Nbd7 7. Re1 0-0 8. Nh4 Bg6 9. Nxg6 hxg6 10. e4 dxe4 11. Nxe4 Nxe4 12. Bxe4 c6 13. Be3 Nf6 14. Bg2 Nd5 15. Qd2 Rc8 16. a3 Qd7 17. c4 Nxe3 18. fxe3 Rfd8 19. c5 e5 20. Qc3 exd4 21. exd4 Bf6 22. Kh1 Qxd4 23. Qb3 Qxb2 24. Qxb2 Bxb2 25. Rab1 Bxa3 26. Rxb7 Bxc5 27. Rc1 Be3 28. Re1 c5 29. Rxa7 c4 30. Bh3 Bxa7 31. Bxc8 Rxc8 32. Rc1 c3 33. Kg2 c2 34. Kf3 Bd4 35. Ke2 Bb2 0-1

[Event "Madrid San Viator op-B 30th"]
[Site "Madrid"]
[Date "2018.05.13"]
[Round "5"]
[White "Rodriguez Coarasa, Carlos"]
[Black "Gonzalez Reyes, Felix"]
[Result "1/2-1/2"]
[WhiteElo "1698"]
[BlackElo "1476"]
[PlyCount "57"]
[EventDate "2018.04.08"]
[EventType "swiss"]
[EventRounds "9"]
[EventCountry "ESP"]
[SourceTitle "EXT 2019"]
[Source "ChessBase"]
[SourceDate "2018.10.10"]
[SourceVersion "1"]
[SourceVersionDate "2018.10.10"]
[SourceQuality "1"]

1. e4 d5 2. exd5 Qxd5 3. Nc3 Qa5 4. d4 Nf6 5. h3 Bf5 6. Nf3 Ne4 7. Bd2 Nxd2 8. Qxd2 e6 9. Nb5 Qxd2+ 10. Kxd2 Na6 11. a3 c6 12. Nc3 Nc7 13. Rd1 Be7 14. Kc1 0-0-0 15. Bd3 Bxd3 16. Rxd3 Bf6 17. Rhd1 Nd5 18. Nxd5 exd5 19. Re1 Rhe8 20. Rde3 Rxe3 21. Rxe3 Kd7 22. c3 Re8 23. Kd2 Rxe3 24. Kxe3 g5 25. g4 Kd6 26. Kd3 b5 27. b4 h6 28. Nd2 Bd8 29. Nf1 1/2-1/2

[Event "Madrid San Viator op-B 28th"]
[Site "Madrid"]
[Date "2017.05.14"]
[Round "6"]
[White "Gonzalez Reyes, Felix"]
[Black "Lozano Serrano, Nuria"]
[Result "1-0"]
[WhiteElo "1495"]
[BlackElo "1263"]
[PlyCount "105"]
[EventDate "2017.03.26"]
[EventType "swiss"]
[EventRounds "9"]
[EventCountry "ESP"]
[SourceTitle "EXT 2019"]
[Source "ChessBase"]
[SourceDate "2018.10.10"]
[SourceVersion "1"]
[SourceVersionDate "2018.10.10"]
[SourceQuality "1"]

1. Nf3 d5 2. d4 Nf6 3. g3 g6 4. Bg2 Bg7 5. 0-0 0-0 6. Nc3 Nbd7 7. Re1 Re8 8. Bg5 c6 9. e4 dxe4 10. Nxe4 Nxe4 11. Rxe4 f6 12. Bd2 e5 13. dxe5 Nxe5 14. Nxe5 fxe5 15. Bc3 Bf5 16. Re2 Qb6 17. h3 Rad8 18. Qe1 Qc7 19. Rd1 Rxd1 20. Qxd1 e4 21. Bxg7 Qxg7 22. c3 Qc7 23. Qc1 e3 24. Rxe3 Rxe3 25. Qxe3 a6 26. Qe8+ Kg7 27. Qe3 Qd7 28. Qd4+ Qxd4 29. cxd4 Kf6 30. f4 Be6 31. a3 Kf5 32. Kf2 Bc4 33. Ke3 Bd5 34. Bf3 b5 35. b4 h6 36. Bg4+ Kf6 37. h4 h5 38. Bc8 Ke7 39. Kd2 Be6 40. Bxe6 Kxe6 41. Ke3 Kf5 42. Kf3 Kf6 43. Ke4 Ke6 44. Ke3 Kf5 45. Kf3 Kf6 46. g4 Kf7 47. gxh5 gxh5 48. f5 Ke7 49. Ke4 Kd6 50. Kf4 Kd5 51. Kg5 Ke4 52. f6 Kd5 53. f7 1-0

[Event "Madrid San Viator op 19th"]
[Site "Madrid"]
[Date "2012.10.28"]
[Round "6"]
[White "Cazorla Munoz, Francisco"]
[Black "Gonzalez Reyes, Felix"]
[Result "1-0"]
[WhiteElo "1764"]
[BlackElo "1728"]
[PlyCount "63"]
[EventDate "2012.09.23"]
[EventType "swiss"]
[EventRounds "9"]
[EventCountry "ESP"]
[SourceTitle "EXT 2013"]
[Source "ChessBase"]
[SourceDate "2012.11.22"]
[SourceVersion "1"]
[SourceVersionDate "2012.11.22"]
[SourceQuality "1"]

1. e4 d5 2. exd5 Qxd5 3. Nc3 Qd8 4. Nf3 Nf6 5. Bc4 Bg4 6. d3 e6 7. h3 Bf5 8. 0-0 c6 9. Re1 Bb4 10. a3 Be7 11. Ne2 Nbd7 12. Ned4 Bg6 13. Bxe6 0-0 14. Ba2 Re8 15. Ne2 Bd6 16. Bg5 Qc7 17. Qd2 Re7 18. Nf4 Bxf4 19. Bxf4 Rxe1+ 20. Rxe1 Qb6 21. b4 Re8 22. Rxe8+ Nxe8 23. Qe2 Qd8 24. Bg5 Nef6 25. Nh4 Qe8 26. Qd2 Qe5 27. c3 b5 28. f4 Qd6 29. f5 h6 30. Bf4 Ne5 31. Nxg6 Nh5 32. Bxe5 1-0

[Event "Madrid San Viator op 19th"]
[Site "Madrid"]
[Date "2012.09.23"]
[Round "1"]
[White "Gomez Dorado, Ernesto"]
[Black "Gonzalez Reyes, Felix"]
[Result "1-0"]
[WhiteElo "1768"]
[BlackElo "1728"]
[PlyCount "93"]
[EventDate "2012.09.23"]
[EventType "swiss"]
[EventRounds "9"]
[EventCountry "ESP"]
[SourceTitle "EXT 2013"]
[Source "ChessBase"]
[SourceDate "2012.11.22"]
[SourceVersion "1"]
[SourceVersionDate "2012.11.22"]
[SourceQuality "1"]

1. e4 d5 2. exd5 Qxd5 3. Nc3 Qd8 4. d4 Nf6 5. Bc4 Bf5 6. Nf3 e6 7. Ne5 c6 8. Be3 Bb4 9. 0-0 0-0 10. Bd3 Bxd3 11. Qxd3 Nbd7 12. Nxd7 Qxd7 13. Ne4 Nxe4 14. Qxe4 Rad8 15. d5 Be7 16. dxe6 Qxe6 17. Qxe6 fxe6 18. Bxa7 Rd7 19. Rac1 Rfd8 20. Be3 Rd5 21. f3 Kf7 22. Kf2 Bc5 23. Bxc5 Rxc5 24. Rfe1 Rcd5 25. Re2 Rd1 26. Rxd1 Rxd1 27. Ke3 Kf6 28. Rd2 Re1+ 29. Kf2 Re5 30. Rd7 Rb5 31. b3 Rd5 32. Rxd5 exd5 33. Ke3 Ke5 34. c3 g5 35. b4 b5 36. g4 Ke6 37. Kd4 Kd6 38. a3 Ke6 39. Kd3 Ke5 40. Ke3 Kf6 41. f4 gxf4+ 42. Kxf4 h6 43. h4 Ke6 44. g5 hxg5+ 45. hxg5 Kf7 46. Kf5 Kg7 47. Ke6 1-0